Stray Kids Charting Songs (Billboard Hot 100) - Statistics

General Stats
  • This quiz has been taken 177 times
    32 since last reset
  • The average score is 4 of 5
Answer Stats
Album Weeks On Peak Artist(s) Song % Correct
Karma 1 Week #52 Stray Kids Ceremony
96%
Ate 1 Week #49 Stray Kids Chk Chk Boom
92%
Rock-Star 1 Week #90 Stray Kids LALALALA
88%
Non-Album Single 1 Week #90 Stray Kids ft. Charlie Puth Lose My Breath
69%
Non-Album Single 1 Week #68 Stray Kids Do It
8%
No matching quizzes found
Score Distribution
Percent of People with Each Score
Percentile by Number Answered
Your Score History
You have not taken this quiz since the last reset